Vista normal
Vista MARC
Entrada Materia (personas)
Número de registros utilizados en: 1
001 - CONTROL NUMBER
- control field: 57867
003 - CONTROL NUMBER IDENTIFIER
- control field: Co-BoUCM
005 - DATE AND TIME OF LATEST TRANSACTION
- control field: 20140304110633.0
008 - FIXED-LENGTH DATA ELEMENTS
- fixed length control field: 140304|| aca||aabn | a|a d
040 ## - CATALOGING SOURCE
- Original cataloging agency: Co-BoUCM
- Transcribing agency: Co-BoUCM
100 ## - HEADING--PERSONAL NAME
- Personal name: Selzer, P. M.
- Fuller form of name: (Paul M.)
670 ## - SOURCE DATA FOUND
- Source citation: Work cat.: (Co-BoUCM)239849: Selzer, P. M. (Paul M.), Applied bioinformatics , 2008